ბათუმის შოთა რუსთაველის სახელმწიფო უნივერსიტეტის ბიბლიოთეკა

Древнеримские мыслители : (ბიბ.ჩანაწერი № 60789)

000 -LEADER
fixed length control field 00622nam a22001577a 4500
005 - DATE AND TIME OF LATEST TRANSACTION
control field 20231023110517.0
008 - FIXED-LENGTH DATA ELEMENTS--GENERAL INFORMATION
fixed length control field 231023s1958 ru ||||| |||| 00| 0 rus d
041 ## - LANGUAGE CODE
Language code of text/sound track or separate title rus
080 ## - UNIVERSAL DECIMAL CLASSIFICATION NUMBER
Universal Decimal Classification number 1(37)+1(38) Д-73
245 ## - TITLE STATEMENT
Title Древнеримские мыслители :
Remainder of title Свидетельства, тексты, фрагменты /
Statement of responsibility, etc. Сост. А. Аветисян.
264 ## - PRODUCTION, PUBLICATION, DISTRIBUTION, MANUFACTURE, AND COPYRIGHT NOTICE
Place of production, publication, distribution, manufacture Киев,
Date of production, publication, distribution, manufacture, or copyright notice 1958.
300 ## - PHYSICAL DESCRIPTION
Extent 280 стр.;
Other physical details 23 см.
653 ## - INDEX TERM--UNCONTROLLED
keyword ძველი რომაელი მოაზროვნეები
700 ## - ADDED ENTRY--PERSONAL NAME
Personal name Аветисян, А.А.
Relator term შემდგენელი
9 (RLIN) 20176
942 ## - ADDED ENTRY ELEMENTS (KOHA)
Source of classification or shelving scheme
Koha item type წიგნი
ეგზემპლარები
Withdrawn status Lost status Source of classification or shelving scheme Damaged status Not for loan Permanent Location Current Location Shelving location Date acquired Cost, normal purchase price Full call number Barcode Date last seen Copy number Uniform Resource Identifier Price effective from Koha item type Public note
          ბათუმის შოთა რუსთაველის სახელმწიფო უნივერსიტეტის მთავარი ბიბლიოთეკა ბათუმის შოთა რუსთაველის სახელმწიფო უნივერსიტეტის მთავარი ბიბლიოთეკა წიგნსაცავი 2023-10-23 5.00 1(37)+1(38) Д-73 65353 2023-10-23 65353 ბსუ-ს საპატიო დოქტორის გურამ ლორთქიფანიძის საჩუქარი 2023-10-23 წიგნი 5 ლ.